[Event "FRA-chT Top 16 Basse"]
[Site "Belfort"]
[Date "2025.06.01"]
[Round "4.4"]
[White "Wagner, Claude"]
[Black "Bouvet, Florian"]
[Result "1/2-1/2"]
[WhiteElo "2321"]
[BlackElo "2244"]
[PlyCount "89"]
[EventDate "2025.05.29"]
[EventType "team-tourn"]
[EventRounds "4"]
[EventCountry "FRA"]
[SourceTitle "CB23_2025"]
[SourceDate "2025.06.04"]
[SourceVersion "1"]
[SourceVersionDate "2025.06.04"]
[SourceQuality "1"]
[WhiteTeam "Bischwiller"]
[BlackTeam "Le Mans"]
[WhiteTeamCountry "FRA"]
[BlackTeamCountry "FRA"]

1. d4 Nf6 2. c4 e6 3. Nc3 Bb4 4. e3 b6 5. Bd2 Bb7 6. Nf3 Bxc3 7. Bxc3 Ne4 8. Rc1 0-0 9. Be2 d6 10. 0-0 Nd7 11. Nd2 Nxc3 12. Rxc3 Qe7 13. b4 c5 14. a3 Rfc8 15. Bf3 Nf6 16. Bxb7 Qxb7 17. Qb3 Rc7 18. Rd1 h6 19. h3 Rac8 20. Rdc1 Ne4 21. Nxe4 Qxe4 22. Rd1 cxd4 23. Rxd4 Qc6 24. Rcd3 Rd7 25. Qd1 Rcd8 26. f4 Kf8 27. Kh2 Ke7 28. Qg4 Kf8 29. e4 g6 30. f5 e5 31. Rd5 Qxc4 32. fxg6 Qc1 33. Rf3 Qg5 34. Qe6 Re7 35. Rxf7+ Ke8 36. Rxe7+ Qxe7 37. Qg8+ Kd7 38. Qh7 Qxh7 39. gxh7 Rh8 40. g4 Rxh7 41. Kg3 Rf7 42. Rd3 Rf4 43. Re3 Ke6 44. h4 b5 45. Re2 1/2-1/2

[Event "FRA-chT Top 16 Basse"]
[Site "Belfort"]
[Date "2025.05.31"]
[Round "3.3"]
[White "Wagner, Claude"]
[Black "De Balmann, Marc"]
[Result "1-0"]
[WhiteElo "2321"]
[BlackElo "2178"]
[PlyCount "77"]
[EventDate "2025.05.29"]
[EventType "team-tourn"]
[EventRounds "4"]
[EventCountry "FRA"]
[SourceTitle "CB23_2025"]
[SourceDate "2025.06.04"]
[SourceVersion "1"]
[SourceVersionDate "2025.06.04"]
[SourceQuality "1"]
[WhiteTeam "Bischwiller"]
[BlackTeam "Bois Colombes"]
[WhiteTeamCountry "FRA"]
[BlackTeamCountry "FRA"]

1. d4 Nf6 2. c4 g6 3. Nc3 Bg7 4. e4 d6 5. Be2 0-0 6. Bg5 c5 7. d5 e6 8. Qd2 exd5 9. exd5 Qb6 10. Nf3 Bf5 11. Nh4 Ne4 12. Nxe4 Bxe4 13. f3 Qxb2 14. Rc1 Bf5 15. Nxf5 Qxd2+ 16. Kxd2 gxf5 17. Bd3 Nd7 18. Bxf5 Ne5 19. a4 Rfe8 20. h4 h5 21. Rhe1 Kf8 22. Re4 Ng6 23. Rce1 Rxe4 24. Rxe4 Re8 25. Bxg6 fxg6 26. Re6 Be5 27. Rxg6 Kf7 28. Rh6 Kg7 29. Rxh5 Bg3 30. Be3 Kf6 31. Rh6+ Kg7 32. Rh5 Kf6 33. Rh7 b6 34. h5 Re5 35. Kd3 a5 36. Rh6+ Kf7 37. Rg6 Bh4 38. g4 Bg3 39. f4 1-0

[Event "FRA-chT Top 12"]
[Site "Drancy"]
[Date "2016.06.07"]
[Round "11.7"]
[White "Wagner, Claude"]
[Black "Bergez, Luc"]
[Result "0-1"]
[WhiteElo "2340"]
[BlackElo "2342"]
[PlyCount "56"]
[EventDate "2016.05.28"]
[EventType "team-tourn"]
[EventRounds "11"]
[EventCountry "FRA"]
[SourceTitle "CBM 172 Extra"]
[Source "ChessBase"]
[SourceDate "2016.06.21"]
[SourceVersion "1"]
[SourceVersionDate "2016.06.21"]
[SourceQuality "1"]
[WhiteTeam "Bischwiller"]
[BlackTeam "Evry Grand Roque"]
[WhiteTeamCountry "FRA"]
[BlackTeamCountry "FRA"]

1. Nf3 Nf6 2. c4 g6 3. b4 Bg7 4. Bb2 0-0 5. g3 c6 6. Bg2 d5 7. cxd5 cxd5 8. 0-0 Qb6 9. a4 Qxb4 10. Ba3 Qe4 11. Nc3 Qe6 12. Nb5 Ne8 13. Rc1 Nc6 14. d3 Qd7 15. Qb3 Qd8 16. Rc5 a6 17. Rxd5 Bd7 18. Bh3 Nf6 19. Bxd7 Nxd5 20. Qxd5 axb5 21. Bxc6 bxc6 22. Qxc6 bxa4 23. Rd1 Qc8 24. Qe4 Qc2 25. Rc1 Qb3 26. Qxe7 Rfe8 27. Qb4 Qxb4 28. Bxb4 a3 0-1

[Event "FRA-chT Top 12"]
[Site "Belfort"]
[Date "2012.06.05"]
[Round "6.6"]
[White "Demuth, Adrien"]
[Black "Wagner, Claude"]
[Result "1-0"]
[WhiteElo "2423"]
[BlackElo "2340"]
[PlyCount "71"]
[EventDate "2012.05.31"]
[EventType "team-tourn"]
[EventRounds "11"]
[EventCountry "FRA"]
[SourceTitle "CBM 148 Extra"]
[Source "ChessBase"]
[SourceDate "2012.06.22"]
[SourceVersion "1"]
[SourceVersionDate "2012.06.22"]
[SourceQuality "1"]
[WhiteTeam "Mulhouse Philidor"]
[BlackTeam "Bischwiller"]
[WhiteTeamCountry "FRA"]
[BlackTeamCountry "FRA"]

1. d4 d5 2. c4 c6 3. Nf3 Nf6 4. Nc3 dxc4 5. a4 Bf5 6. Ne5 Nbd7 7. Nxc4 Qc7 8. g3 e5 9. dxe5 Nxe5 10. Bf4 Nfd7 11. Bg2 g5 12. Ne3 gxf4 13. Nxf5 0-0-0 14. Qc2 Kb8 15. gxf4 Nc4 16. e3 Nc5 17. Rd1 Rxd1+ 18. Nxd1 Qa5+ 19. Nc3 Qb6 20. 0-0 Qxb2 21. Qxb2 Nxb2 22. Rb1 Ncd3 23. Be4 Ba3 24. Nd4 c5 25. Nc2 Bb4 26. Nd1 Nxd1 27. Rxd1 Nb2 28. Rd7 Rg8+ 29. Kf1 Nxa4 30. Rxb7+ Kc8 31. Rxa7 Nb6 32. Rxf7 Nc4 33. Bxh7 Rd8 34. Bf5+ Kb8 35. Rd7 Rf8 36. Nxb4 1-0

[Event "FRA-chT1A 0809"]
[Site "France"]
[Date "2008.10.19"]
[Round "1.5"]
[White "Parmentier, Xavier"]
[Black "Wagner, Claude"]
[Result "1/2-1/2"]
[WhiteElo "2294"]
[BlackElo "2339"]
[PlyCount "114"]
[EventDate "2008.10.19"]
[EventType "tourn"]
[EventRounds "11"]
[EventCountry "FRA"]
[SourceTitle "EXT 2010"]
[Source "ChessBase"]
[SourceDate "2010.11.25"]
[SourceVersion "1"]
[SourceVersionDate "2010.11.25"]
[SourceQuality "1"]
[WhiteTeam "Creteil"]
[BlackTeam "Bischwiller"]
[WhiteTeamCountry "FRA"]
[BlackTeamCountry "FRA"]

1. c4 c6 2. Nf3 d5 3. e3 Nf6 4. Nc3 a6 5. d4 b5 6. c5 g6 7. Bd3 Bg7 8. 0-0 0-0 9. Re1 Bg4 10. h3 Bxf3 11. Qxf3 e5 12. dxe5 Nfd7 13. e4 d4 14. Ne2 Nxe5 15. Qg3 Nbd7 16. b4 Nxd3 17. Qxd3 Ne5 18. Qg3 Nc4 19. Bg5 Qe8 20. Rad1 h6 21. Bc1 Rd8 22. Nf4 Qe5 23. Qf3 a5 24. Nd3 Qe6 25. a3 Ra8 26. e5 Rfe8 27. Qg3 Qf5 28. f4 Rad8 29. Qf3 Qd7 30. Nf2 Qd5 31. Ne4 a4 32. Kf2 d3 33. Nd6 Qd4+ 34. Be3 Qb2+ 35. Kg3 Nxd6 36. cxd6 Qxa3 37. Bc5 g5 38. Rxd3 gxf4+ 39. Kh2 Qb2 40. Re2 Qb1 41. d7 Rxe5 42. Rxe5 Bxe5 43. Be7 Bc7 44. Bxd8 Bxd8 45. Qe4 Kg7 46. Qd4+ f6 47. Rf3 Qf5 48. Rxf4 Qe5 49. Qd2 a3 50. g3 Qb2 51. Rf2 Qxd2 52. Rxd2 c5 53. Re2 cxb4 54. Re8 a2 55. Rxd8 a1Q 56. Rg8+ Kxg8 57. d8Q+ Kf7 1/2-1/2

[Event "FRA-chT Top 16 Gp Haute"]
[Site "France"]
[Date "2007.06.03"]
[Round "11.4"]
[White "Marcelin, Cyril"]
[Black "Wagner, Claude"]
[Result "1/2-1/2"]
[WhiteElo "2494"]
[BlackElo "2358"]
[PlyCount "36"]
[EventDate "2007.05.31"]
[EventType "team-tourn"]
[EventRounds "11"]
[EventCountry "FRA"]
[SourceTitle "CBM 118 Extra"]
[Source "ChessBase"]
[SourceDate "2007.07.04"]
[SourceVersion "1"]
[SourceVersionDate "2007.07.04"]
[SourceQuality "1"]
[WhiteTeam "Evry"]
[BlackTeam "Bischwiller"]
[WhiteTeamCountry "FRA"]
[BlackTeamCountry "FRA"]

1. d4 d5 2. c4 c6 3. Nc3 Nf6 4. e3 a6 5. Nf3 b5 6. c5 g6 7. Bd3 Bg7 8. h3 0-0 9. 0-0 Nbd7 10. Re1 Re8 11. e4 b4 12. Na4 dxe4 13. Bxe4 Nxe4 14. Rxe4 Nf6 15. Rh4 e5 16. Nb6 e4 17. Nxa8 exf3 18. Nb6 Ne4 1/2-1/2

[Event "FRA-chT Top 16 Gp Haute"]
[Site "France"]
[Date "2007.05.31"]
[Round "8.5"]
[White "Apicella, Manuel"]
[Black "Wagner, Claude"]
[Result "1-0"]
[WhiteElo "2534"]
[BlackElo "2358"]
[PlyCount "81"]
[EventDate "2007.05.31"]
[EventType "team-tourn"]
[EventRounds "11"]
[EventCountry "FRA"]
[SourceTitle "CBM 118 Extra"]
[Source "ChessBase"]
[SourceDate "2007.07.04"]
[SourceVersion "1"]
[SourceVersionDate "2007.07.04"]
[SourceQuality "1"]
[WhiteTeam "Clichy"]
[BlackTeam "Bischwiller"]
[WhiteTeamCountry "FRA"]
[BlackTeamCountry "FRA"]

1. e4 c5 2. Nf3 Nc6 3. d4 cxd4 4. Nxd4 Nf6 5. Nc3 e5 6. Ndb5 d6 7. Nd5 Nxd5 8. exd5 Nb8 9. c4 Be7 10. Be2 a6 11. Nc3 0-0 12. 0-0 f5 13. f4 Nd7 14. Kh1 Bf6 15. Qc2 exf4 16. Bxf4 Be5 17. Qd2 Bxf4 18. Qxf4 Qf6 19. Rac1 b6 20. b4 Rb8 21. Na4 Bb7 22. c5 bxc5 23. bxc5 Nxc5 24. Nxc5 dxc5 25. Rxc5 Rbc8 26. Rxc8 Rxc8 27. Rd1 g5 28. Qb4 Rc7 29. Bf3 Rd7 30. g3 Kg7 31. Re1 Qf8 32. Qxf8+ Kxf8 33. Re5 Rf7 34. Bh5 Rf6 35. Kg1 Kg7 36. Re7+ Kh6 37. Bf7 Bc8 38. Rc7 f4 39. d6 Bf5 40. d7 Rd6 41. Rc6 1-0

[Event "FRA-chT Top 16 GpA"]
[Site "France"]
[Date "2007.02.11"]
[Round "3.5"]
[White "Nezar, Mustapha"]
[Black "Wagner, Claude"]
[Result "1/2-1/2"]
[WhiteElo "2423"]
[BlackElo "2358"]
[PlyCount "36"]
[EventDate "2007.02.09"]
[EventType "team-tourn"]
[EventRounds "11"]
[EventCountry "FRA"]
[SourceTitle "CBM 116 Extra"]
[Source "ChessBase"]
[SourceDate "2007.03.07"]
[SourceVersion "1"]
[SourceVersionDate "2007.03.07"]
[SourceQuality "1"]
[WhiteTeam "Vandoeuvre"]
[BlackTeam "Bischwiller"]
[WhiteTeamCountry "FRA"]
[BlackTeamCountry "FRA"]

1. e4 c5 2. Nf3 Nc6 3. Bb5 Nf6 4. Nc3 Qc7 5. 0-0 Nd4 6. Nxd4 cxd4 7. Nd5 Nxd5 8. exd5 Qc5 9. c4 a6 10. Ba4 b5 11. cxb5 Qxd5 12. bxa6 Bxa6 13. d3 Qf5 14. Bc2 e6 15. Qd2 Be7 16. b4 0-0 17. Bb2 Rfc8 18. Bxd4 Bxb4 1/2-1/2

[Event "FRA-chT Top 16 GpA"]
[Site "France"]
[Date "2007.02.09"]
[Round "1.5"]
[White "Degraeve, Jean Marc"]
[Black "Wagner, Claude"]
[Result "1/2-1/2"]
[WhiteElo "2548"]
[BlackElo "2358"]
[PlyCount "50"]
[EventDate "2007.02.09"]
[EventType "team-tourn"]
[EventRounds "11"]
[EventCountry "FRA"]
[SourceTitle "CBM 116 Extra"]
[Source "ChessBase"]
[SourceDate "2007.03.07"]
[SourceVersion "1"]
[SourceVersionDate "2007.03.07"]
[SourceQuality "1"]
[WhiteTeam "Gonfreville"]
[BlackTeam "Bischwiller"]
[WhiteTeamCountry "FRA"]
[BlackTeamCountry "FRA"]

1. e4 c5 2. Nf3 Nc6 3. d4 cxd4 4. Nxd4 Nf6 5. Nc3 e5 6. Ndb5 d6 7. Bg5 a6 8. Na3 b5 9. Bxf6 gxf6 10. Nd5 Bg7 11. Bd3 Ne7 12. Nxe7 Qxe7 13. 0-0 0-0 14. c4 f5 15. Qf3 d5 16. cxd5 fxe4 17. Bxe4 Rb8 18. Rad1 Rb6 19. Bf5 Rf6 20. d6 Rxd6 21. Rxd6 Qxd6 22. Nc2 Bxf5 23. Qxf5 Qg6 24. Qxg6 hxg6 25. Nb4 Rd8 1/2-1/2

[Event "FRA-chT Poule Haute"]
[Site "Asnieres sur Seine"]
[Date "2006.05.05"]
[Round "9"]
[White "Hassler, Franck"]
[Black "Wagner, Claude"]
[Result "0-1"]
[WhiteElo "2243"]
[BlackElo "2376"]
[PlyCount "159"]
[EventDate "2006.05.03"]
[EventType "team-tourn"]
[EventRounds "4"]
[EventCountry "FRA"]
[SourceTitle "EXT 2007"]
[Source "ChessBase"]
[SourceDate "2006.11.23"]
[SourceVersion "1"]
[SourceVersionDate "2006.11.23"]
[SourceQuality "1"]
[WhiteTeam "Mulhouse"]
[BlackTeam "Bischwiller"]
[WhiteTeamCountry "FRA"]
[BlackTeamCountry "FRA"]

1. d4 d5 2. Nf3 Nf6 3. g3 c6 4. Bg2 Bg4 5. h3 Bh5 6. 0-0 Nbd7 7. Nbd2 e6 8. b3 Bd6 9. Bb2 0-0 10. Ne5 c5 11. g4 Bg6 12. Nxg6 hxg6 13. e3 cxd4 14. Bxd4 Be5 15. c3 Rc8 16. Qe2 Qa5 17. Bxe5 Nxe5 18. f4 Nc6 19. c4 Rcd8 20. a3 d4 21. b4 Qc7 22. Nb3 e5 23. b5 Ne7 24. exd4 exf4 25. Qd3 g5 26. Rad1 Ng6 27. Rfe1 Nh4 28. d5 f3 29. d6 Qc8 30. Bxf3 Rxd6 31. Bd5 Nxg4 32. Qg3 Nh6 33. Qxd6 Qxh3 34. Nc1 N6f5 35. Qh2 Qg4+ 36. Kf2 Nd4 37. Qg3 Qf5+ 38. Kg1 Nhf3+ 39. Kg2 Nxe1+ 40. Rxe1 g4 41. Re4 Nxb5 42. Rxg4 Qc2+ 43. Kh3 Qh7+ 44. Qh4 Nxa3 45. Qxh7+ Kxh7 46. Bxb7 f5 47. Rh4+ Kg6 48. c5 Kg5 49. Ra4 Nb5 50. Ra5 Nd4 51. Kg2 Rf7 52. Bd5 Re7 53. c6 Rc7 54. Rc5 Kf6 55. Nd3 g5 56. Nb4 Ne6 57. Rc1 Nf4+ 58. Kf3 a5 59. Na6 Rc8 60. Bb3 Nd3 61. Rc3 Ne5+ 62. Kf2 Rxc6 63. Rxc6+ Nxc6 64. Nc5 Ke5 65. Bc4 Nb4 66. Bb5 Na2 67. Be8 Nc3 68. Nd3+ Kd4 69. Nb2 Ne4+ 70. Kf3 Nd2+ 71. Ke2 Nc4 72. Na4 f4 73. Kf2 g4 74. Bh5 g3+ 75. Kg2 Nd2 76. Nb6 Ke4 77. Nd7 Kd4 78. Bd1 Nc4 79. Nf6 Ne3+ 80. Kf3 0-1

[Event "FRA-chT Top 16 GpB"]
[Site "France"]
[Date "2006.02.05"]
[Round "3.6"]
[White "Sulava, Nenad"]
[Black "Wagner, Claude"]
[Result "1/2-1/2"]
[WhiteElo "2497"]
[BlackElo "2376"]
[PlyCount "77"]
[EventDate "2006.03.03"]
[EventType "team-tourn"]
[EventRounds "7"]
[EventCountry "FRA"]
[SourceTitle "EXT 2007"]
[Source "ChessBase"]
[SourceDate "2006.11.23"]
[SourceVersion "1"]
[SourceVersionDate "2006.11.23"]
[SourceQuality "1"]
[WhiteTeam "Nice"]
[BlackTeam "Bischwiller"]
[WhiteTeamCountry "FRA"]
[BlackTeamCountry "FRA"]

1. d4 d5 2. c4 c6 3. Nf3 Nf6 4. cxd5 cxd5 5. Nc3 Nc6 6. Bf4 a6 7. Rc1 Bf5 8. Ne5 Rc8 9. e3 e6 10. Qb3 Nxe5 11. Bxe5 Qd7 12. Be2 Be7 13. 0-0 0-0 14. Na4 Rxc1 15. Rxc1 Rc8 16. Rxc8+ Qxc8 17. Nc5 b5 18. Qa3 Nd7 19. Qxa6 Qxa6 20. Nxa6 Nxe5 21. dxe5 b4 22. Kf1 Bb1 23. Ke1 Bxa2 24. Kd2 Bb3 25. Bb5 Kf8 26. Nb8 f6 27. f4 Kf7 28. Nc6 Bc5 29. g4 Bc4 30. Bxc4 dxc4 31. exf6 gxf6 32. Na5 c3+ 33. bxc3 bxc3+ 34. Kd3 f5 35. gxf5 exf5 36. Nc4 Bb4 37. Ke2 Ke6 38. Kd3 Kd5 39. Ne5 1/2-1/2

[Event "FRA-chT Top 16 GpA"]
[Site "Noyon"]
[Date "2005.03.31"]
[Round "4"]
[White "Collas, Didier"]
[Black "Wagner, Claude"]
[Result "0-1"]
[WhiteElo "2418"]
[BlackElo "2375"]
[PlyCount "164"]
[EventDate "2005.03.31"]
[EventType "team-tourn"]
[EventRounds "7"]
[EventCountry "FRA"]
[SourceTitle "CBM 105 Extra"]
[Source "ChessBase"]
[SourceDate "2005.05.01"]
[SourceVersion "1"]
[SourceVersionDate "2005.05.01"]
[SourceQuality "1"]
[WhiteTeam "Clichy"]
[BlackTeam "Bischwiller"]
[WhiteTeamCountry "FRA"]
[BlackTeamCountry "FRA"]

1. Nf3 d5 2. d4 Nf6 3. c4 c6 4. Nc3 dxc4 5. a4 Bf5 6. Nh4 Bd7 7. g3 e6 8. Bg2 c5 9. Bg5 Nc6 10. d5 exd5 11. Bxf6 Qxf6 12. Nxd5 Qd6 13. Qc2 0-0-0 14. 0-0 Nd4 15. Qxc4 Be6 16. e4 g5 17. Rad1 gxh4 18. Rxd4 hxg3 19. hxg3 Kb8 20. Rd3 Bg7 21. Rb1 Rc8 22. f4 Bd4+ 23. Kf1 Bxd5 24. Qxd5 Qa6 25. Rbd1 Rhd8 26. Qf5 c4 27. Rxd4 c3+ 28. Kf2 Rxd4 29. Rxd4 c2 30. Qe5+ Ka8 31. Qc7 Qe6 32. Rd8 c1Q 33. Qxc1 Qb6+ 34. Qe3 Qxd8 35. e5 Qd1 36. Bf3 Qxa4 37. g4 Qc2+ 38. Kg3 Qxb2 39. e6 fxe6 40. Qxe6 Qc1 41. Qe4 Qc7 42. g5 a5 43. Kg4 Qd7+ 44. f5 Rc5 45. Kh4 Rb5 46. Bg4 Rb4 47. Qe5 Qa4 48. Qe2 Re4 49. Qg2 Qc4 50. f6 Rf4 51. Qg3 a4 52. Kh5 Qe4 53. Qc3 Qh1+ 54. Bh3 Qd5 55. Bg4 Rc4 56. Qe1 Re4 57. Qc3 Rc4 58. Qe1 Rc5 59. Qe8+ Ka7 60. Qe3 Ka6 61. Bf3 Qf7+ 62. Kh4 Rc4+ 63. Kg3 Qc7+ 64. Kh3 Rc3 65. Qe2+ b5 66. Qe6+ Ka5 67. Kg4 Rc4+ 68. Be4 Qh2 69. Qd5 Qe2+ 70. Kf5 Qf2+ 71. Kg4 a3 72. f7 Rxe4+ 73. Qxe4 Qxf7 74. Qe3 Ka4 75. Qb6 a2 76. Qa6+ Kb4 77. Qd6+ Kb3 78. Qd3+ Ka4 79. Qc2+ Qb3 80. Qxh7 Qb4+ 81. Kh5 a1Q 82. Qc2+ Ka3 0-1

[Event "FRA-chT Top 16 GpA"]
[Site "Noyon"]
[Date "2005.02.06"]
[Round "3.6"]
[White "Wagner, Claude"]
[Black "Bricard, Emmanuel"]
[Result "0-1"]
[WhiteElo "2375"]
[BlackElo "2434"]
[PlyCount "62"]
[EventDate "2005.03.31"]
[EventType "team-tourn"]
[EventRounds "7"]
[EventCountry "FRA"]
[SourceTitle "CBM 106"]
[Source "ChessBase"]
[SourceDate "2005.06.06"]
[SourceVersion "1"]
[SourceVersionDate "2005.06.06"]
[SourceQuality "1"]
[WhiteTeam "Bischwiller"]
[BlackTeam "Mulhouse"]
[WhiteTeamCountry "FRA"]
[BlackTeamCountry "FRA"]

1. d4 d6 2. e4 Nf6 3. Nc3 g6 4. Be3 c6 5. h3 Nbd7 6. f4 b5 7. a3 Nb6 8. Nf3 a6 9. Bd3 e6 10. 0-0 c5 11. f5 cxd4 12. Bxd4 e5 13. Be3 gxf5 14. exf5 Bb7 15. Bg5 Be7 16. Qd2 Qc7 17. b4 Rc8 18. Bxb5+ axb5 19. Nxb5 Qc6 20. Na7 Qxc2 21. Nxc8 Qxd2 22. Nxd2 Nxc8 23. Rfc1 Nd5 24. f6 Bd8 25. a4 Rg8 26. Ne4 Kd7 27. Ra2 Nxb4 28. Rb2 Bb6+ 29. Kh2 Nd3 30. Rxc8 Rxc8 31. Rxb6 Bxe4 0-1

[Event "FRA-chT Gp-B"]
[Site "France"]
[Date "2003.04.04"]
[Round "5.5"]
[White "Wagner, Claude"]
[Black "Chabanon, Jean Luc"]
[Result "1/2-1/2"]
[WhiteElo "2360"]
[BlackElo "2504"]
[PlyCount "91"]
[EventDate "2003.01.31"]
[EventType "team-tourn"]
[EventRounds "7"]
[EventCountry "FRA"]
[SourceTitle "CBM 095"]
[Source "ChessBase"]
[SourceDate "2003.07.25"]
[SourceVersion "1"]
[SourceVersionDate "2003.07.25"]
[SourceQuality "1"]
[WhiteTeam "Bischwiller"]
[BlackTeam "Cannes"]
[WhiteTeamCountry "FRA"]
[BlackTeamCountry "FRA"]

1. d4 Nf6 2. c4 g6 3. Nc3 Bg7 4. e4 d6 5. Be2 0-0 6. Bg5 Nbd7 7. Qd2 a6 8. Nf3 c5 9. 0-0 cxd4 10. Nxd4 Nc5 11. f3 Ne6 12. Be3 Nxd4 13. Bxd4 Be6 14. Rfd1 Rc8 15. b3 Nd7 16. Bxg7 Kxg7 17. Qd4+ f6 18. Nd5 Bf7 19. Kh1 e5 20. Qd2 Bxd5 21. Qxd5 Rc6 22. Rac1 Qe7 23. b4 Nb6 24. Qd2 Rfc8 25. b5 Nxc4 26. Bxc4 Rxc4 27. bxa6 Rxc1 28. Rxc1 Rxc1+ 29. Qxc1 bxa6 30. Qc6 a5 31. h3 f5 32. a4 fxe4 33. fxe4 Qd8 34. Qb7+ Kg8 35. Kh2 h5 36. Kh1 Kf8 37. Kh2 g5 38. Kh1 g4 39. hxg4 hxg4 40. g3 Qe8 41. Qc7 Qg6 42. Qd8+ Kg7 43. Qe7+ Kh6 44. Qf8+ Kh7 45. Qe7+ Kh6 46. Qf8+ 1/2-1/2

[Event "FRA-chT Gp-B"]
[Site "France"]
[Date "2003.02.01"]
[Round "2.5"]
[White "Baklan, Vladimir"]
[Black "Wagner, Claude"]
[Result "1-0"]
[WhiteElo "2605"]
[BlackElo "2360"]
[PlyCount "107"]
[EventDate "2003.01.31"]
[EventType "team-tourn"]
[EventRounds "7"]
[EventCountry "FRA"]
[SourceTitle "CBM 094"]
[Source "ChessBase"]
[SourceDate "2003.05.26"]
[SourceVersion "1"]
[SourceVersionDate "2003.05.26"]
[SourceQuality "1"]
[WhiteTeam "Mulhouse"]
[BlackTeam "Bischwiller"]
[WhiteTeamCountry "FRA"]
[BlackTeamCountry "FRA"]

1. e4 c5 2. Nf3 Nc6 3. Bb5 g6 4. Bxc6 bxc6 5. 0-0 Bg7 6. Re1 Nh6 7. c3 0-0 8. d4 cxd4 9. cxd4 d6 10. h3 f6 11. Nc3 Nf7 12. Be3 Bd7 13. Rc1 Kh8 14. Qe2 Qb8 15. b3 Qb7 16. Qc4 Rab8 17. Bd2 Qb6 18. Be3 Qb7 19. Qd3 Rbe8 20. Rcd1 Bc8 21. Bc1 Rd8 22. Qc2 Qa6 23. Na4 Qb5 24. Nc3 Qa6 25. Bb2 Bd7 26. d5 c5 27. Ne2 Bh6 28. Bc1 Bxc1 29. Nxc1 Ne5 30. Qc3 Qa3 31. Nd2 g5 32. Nd3 Ng6 33. Nc4 Qa6 34. a4 Rb8 35. Rf1 Rg8 36. Kh2 Ne5 37. Ndxe5 fxe5 38. Rd3 Rbf8 39. Rf3 Qc8 40. Rc1 Rf4 41. Nxe5 dxe5 42. Qxe5+ Rg7 43. Rxf4 gxf4 44. Qxf4 Qg8 45. g4 h5 46. f3 hxg4 47. hxg4 Bxg4 48. fxg4 Rxg4 49. Qe5+ Qg7 50. Qxg7+ Rxg7 51. Rxc5 Rg4 52. Rc7 Rxe4 53. Rxa7 Kg8 54. a5 1-0